[Event "Basel Carnival op"]
[Site "Basel"]
[Date "2024.02.02"]
[Round "1"]
[White "Cofman, Veaceslav"]
[Black "Steinacher, Janis"]
[Result "0-1"]
[WhiteElo "2244"]
[BlackElo "1598"]
[PlyCount "138"]
[EventDate "2024.02.02"]
[EventType "swiss"]
[EventRounds "5"]
[EventCountry "SUI"]
[SourceTitle "CB07_2024"]
[SourceDate "2024.02.14"]
[SourceVersion "1"]
[SourceVersionDate "2024.02.14"]
[SourceQuality "1"]

1. d4 d5 2. c4 e6 3. Nc3 Nf6 4. cxd5 exd5 5. Bg5 c6 6. e3 h6 7. Bh4 Be7 8. Bd3 0-0 9. Qc2 Re8 10. Nge2 Ne4 11. Bxe7 Qxe7 12. Bxe4 dxe4 13. Ng3 f5 14. Rd1 Be6 15. Nce2 Na6 16. a3 Qf7 17. Rc1 Nc7 18. Nf4 Bb3 19. Qc3 Nb5 20. Qc5 Rf8 21. h4 Nc7 22. Qb4 Bd5 23. h5 a5 24. Qd6 Rad8 25. Qg6 Qd7 26. Nge2 Bf7 27. Qg3 Ne8 28. Nc3 Qc7 29. Na4 Nf6 30. Rc5 Bb3 31. Qh4 Bxa4 32. Ne6 Qb6 33. Nxd8 Qxd8 34. Rxf5 Bb5 35. Kd2 Nd5 36. Qxd8 Rxd8 37. Rh4 Nf6 38. Re5 Kf7 39. Rf4 Rd5 40. g4 Kg8 41. b4 axb4 42. axb4 Bf1 43. g5 hxg5 44. Rff5 g4 45. h6 Kh7 46. hxg7 Kxg7 47. Rf4 Rxe5 48. dxe5 Nd5 49. Rxe4 Bh3 50. Rd4 Kf7 51. e4 Nb6 52. Ke3 Bg2 53. Kf4 Bf3 54. Kf5 Ke7 55. Rd6 Nc4 56. Rh6 Nd2 57. Rh7+ Kd8 58. Rxb7 Nxe4 59. Kg6 Nxf2 60. Kf7 Bd5+ 61. e6 Ne4 62. Rb8+ Kc7 63. Rg8 Kd6 64. Rg6 g3 65. Kg7 Bxe6 66. Kh6 Ke5 67. Kg7 Bd5 68. Kf8 Kd4 69. Ke7 Kc4 0-1